[Event "Niederrhein-ch"]
[Site "Solingen"]
[Date "2019.04.18"]
[Round "7.9"]
[White "Schrade, Achim"]
[Black "Steingrobe, Udo"]
[Result "0-1"]
[WhiteElo "1681"]
[BlackElo "1987"]
[PlyCount "82"]
[EventDate "2019.04.12"]
[EventType "swiss"]
[EventRounds "7"]
[EventCountry "GER"]
[SourceTitle "EXT 2022"]
[Source "ChessBase"]
[SourceDate "2021.10.06"]
[SourceVersion "1"]
[SourceVersionDate "2021.10.06"]
[SourceQuality "1"]

1. c4 e5 2. Nc3 Nc6 3. Nf3 d6 4. d4 exd4 5. Nxd4 Ne5 6. b3 g6 7. Bb2 Bg7 8. g3 Ne7 9. Bg2 0-0 10. 0-0 Rb8 11. e4 Bg4 12. f3 Bd7 13. f4 Bg4 14. Qc2 Nxc4 15. bxc4 Bxd4+ 16. Kh1 Nc6 17. h3 Be6 18. Nd5 Bxb2 19. Qxb2 f6 20. Rae1 Na5 21. Qc3 c6 22. Ne3 b5 23. f5 gxf5 24. Nxf5 Nxc4 25. Nd4 Qd7 26. g4 Ne5 27. Nxe6 Qxe6 28. Rf5 Rb7 29. Ref1 Rbf7 30. Qd2 Rg7 31. Bf3 c5 32. Bd1 c4 33. a4 a6 34. axb5 axb5 35. Bc2 Rg6 36. Qb4 Nc6 37. Qd2 Ne5 38. Qb4 Qd7 39. Qc3 Qb7 40. Kh2 b4 41. Qd2 b3 0-1

[Event "Niederrhein-ch"]
[Site "Solingen"]
[Date "2019.04.13"]
[Round "2.5"]
[White "Steingrobe, Udo"]
[Black "Kretzschmar, Michael"]
[Result "1/2-1/2"]
[WhiteElo "1987"]
[BlackElo "2093"]
[PlyCount "44"]
[EventDate "2019.04.12"]
[EventType "swiss"]
[EventRounds "7"]
[EventCountry "GER"]
[SourceTitle "EXT 2022"]
[Source "ChessBase"]
[SourceDate "2021.10.06"]
[SourceVersion "1"]
[SourceVersionDate "2021.10.06"]
[SourceQuality "1"]

1. d4 Nf6 2. c4 e6 3. Nc3 b6 4. e4 Bb7 5. Bd3 Bb4 6. Qc2 Nc6 7. Nf3 d6 8. 0-0 Bxc3 9. Qxc3 h6 10. d5 exd5 11. exd5 Ne7 12. Re1 Qd7 13. Nd4 Kf8 14. Bf4 Re8 15. Re3 Ra8 16. Rae1 Nexd5 17. cxd5 Nxd5 18. Bb5 c6 19. Bxc6 Bxc6 20. Qxc6 Qxc6 21. Nxc6 Nxf4 22. Rd1 g6 1/2-1/2

[Event "GER-chA Seniors 28th"]
[Site "Niederhausen"]
[Date "2016.08.14"]
[Round "2"]
[White "Steingrobe, Udo"]
[Black "Juergens, Peter1111"]
[Result "1-0"]
[WhiteElo "2121"]
[BlackElo "1931"]
[PlyCount "99"]
[EventDate "2016.08.13"]
[EventType "swiss"]
[EventRounds "9"]
[EventCountry "GER"]
[SourceTitle "EXT 2019"]
[Source "ChessBase"]
[SourceDate "2018.10.10"]
[SourceVersion "1"]
[SourceVersionDate "2018.10.10"]
[SourceQuality "1"]

1. d4 e6 2. c4 Nf6 3. Nc3 Bb4 4. Qc2 d5 5. a3 Bxc3+ 6. Qxc3 Ne4 7. Qc2 c5 8. dxc5 Nc6 9. e3 Qa5+ 10. Bd2 Nxd2 11. Qxd2 Qxc5 12. Rc1 0-0 13. cxd5 Qxd5 14. Qxd5 exd5 15. Bb5 Nd8 16. Ne2 Ne6 17. 0-0 Rd8 18. Rfd1 a6 19. Ba4 b5 20. Bb3 Bb7 21. Nd4 Rac8 22. Nf5 Kf8 23. Rxc8 Bxc8 24. Rxd5 Rxd5 25. Bxd5 Nc7 26. Be4 g6 27. Nd4 Ke7 28. Kf1 Kd6 29. Ke2 Bd7 30. b4 Nd5 31. Kd2 Nb6 32. Bb7 Bc8 33. Bxc8 Nxc8 34. Nb3 Nb6 35. Nc5 Nc4+ 36. Kd3 Nxa3 37. Nxa6 Nc4 38. Nc5 Ne5+ 39. Kd4 Nc6+ 40. Kc3 h6 41. Nb3 Kd5 42. Nd4 Na7 43. f3 f5 44. Kd3 Ke5 45. g3 h5 46. h4 Kd5 47. e4+ fxe4+ 48. fxe4+ Kd6 49. Ke2 Ke5 50. Ke3 1-0